Guess the mystery Gracie Abrams song - Statistics

General Stats
  • This quiz has been taken 229 times
    160 since last reset
  • The average score is 255 of 318
Answer Stats
Hint Answer % Correct
. I
99%
. (I
99%
. you
98%
. you,
98%
. You
98%
. (You
98%
. a
97%
. A
97%
. (A
97%
. the
95%
. The
95%
. it,
93%
. it
93%
. to
93%
. I'm
91%
. (I'm
91%
. be
90%
. me,
89%
. me
89%
. go
88%
. love
88%
. was
88%
. in
87%
. is
87%
. is)
87%
. sorry
87%
. that
87%
. what
87%
. And
86%
. and
86%
. but
86%
. we're
86%
. were
86%
. your
85%
. like
84%
. As
83%
. as
83%
. (As
83%
. on
83%
. life
82%
. my
82%
. way
82%
. goes
81%
. know
81%
. first
80%
. first)
80%
. loved
80%
. Now
80%
. now
80%
. worst
80%
. worst)
80%
. You're
80%
. you're
80%
. at
79%
. best
79%
. I'll
79%
. just
79%
. sick
79%
. by
78%
. dick,
78%
. it's
78%
. sounds,
78%
. Two
78%
. That's
77%
. that's
77%
. ago
76%
. don't
76%
. don't,
76%
. about
75%
. Augusts
75%
. laugh
75%
. not
75%
. always
74%
. didn't
74%
. home
74%
. never
74%
. sad
74%
. sad)
74%
. well
74%
. We'll
74%
. actually
73%
. all
73%
. curse
73%
. curse)
73%
. from
73%
. have
73%
. this
73%
age
72%
. boat,
72%
. going
72%
. old
72%
. went
72%
. whenever
71%
. closed
70%
. doors
70%
. for,
70%
. plane
70%
. slam
70%
. somewhere,
70%
. stare
70%
. summers
70%
. oh,
69%
. told
69%
. again,
68%
. again
68%
. again)
68%
. gate
68%
. set
68%
. sun
68%
. tend
68%
. Trust
68%
. truth,
68%
. window
68%
. works
68%
works)
68%
. wrong
68%
. alone
67%
. crash,
67%
. drink
67%
. Making
67%
. out
67%
. people
67%
. same
66%
. watch
66%
. amends,
65%
. down
65%
. ends
65%
. lake
65%
. lean
65%
. luck,
65%
. make
65%
. prove
65%
. push
65%
. shit
65%
. shows
65%
. someone
65%
. been
64%
. Benz,
63%
. cool
63%
. feel
63%
. getting
63%
. kick,
63%
. kill
63%
. low
63%
. send
63%
. haunts
62%
. horn
62%
. Lay
62%
. might
62%
. real,
62%
. aim
61%
. mean
61%
. okay,
61%
. talking,
61%
. Charm
60%
. often,
60%
. our
60%
. 'Cause
59%
. habit
59%
. known
59%
. paid
58%
. road
57%
. Joyriding
55%
. train
55%
. Wistfully
54%
. Thankful
52%
. won't
48%
. Hope
42%
. mm
42%
. speak
41%
. code
39%
. wanna
34%
No matching quizzes found
Score Distribution
Percent of People with Each Score
Percentile by Number Answered
Your Score History
You have not taken this quiz since the last reset